00530nam a2200133Ia 4500999001700000082001200017100002200029245006600051260006300117300001400180650004000194942001200234952015000246 c11879d11879 aRK 0234 aKumbhar, Rajendra 0aCompilation of a guide to reference sources in social science c2013bIndian Council of Social Science Research, New Delhi aiii, 422p aREFERENCE SOURCES - SOCIAL SCIENCES cRP2ddc 001040718MRPaNASSDOCbNASSDOCd2015-03-18eGifted by : RPR Division ICSSRi2014-11-19l0oRK 0234p48696r2019-04-18 00:00:00w2019-04-18yRP